Biggest City in 2100 A-Z - Statistics

General Stats
  • This quiz has been taken 973 times
  • The average score is 9 of 20
Answer Stats
Letter Population Continent City % Correct
C 40.54 mil Africa Cairo
84%
L 88.30 mil Africa Lagos
81%
R 19.84 mil South America Rio de Janeiro
80%
K 83.53 mil Africa Kinshasa
68%
J 18.22 mil Asia Jakarta
66%
T 25.63 mil Asia Tokyo
65%
W 10.00 mil Asia Wuhan
60%
A 35.82 mil Africa Addis Ababa
59%
M 67.24 mil Asia Mumbai
57%
G 12.68 mil Asia Guangzhou
56%
D 73.68 mil Africa Dar es Salaam
51%
O 20.63 mil Africa Ouagadougou
33%
H 23.17 mil Asia Hyderabad
27%
N 56.15 mil Africa Niamey
27%
I 23.68 mil Africa Ibadan
26%
Y 11.42 mil Asia Yangon
25%
F 11.00 mil Asia Faisalabad
18%
P 17.32 mil Asia Pune
15%
B 40.91 mil Africa Blantyre
9%
S 27.21 mil Asia Sana’a
7%
No matching quizzes found
Score Distribution
Percent of People with Each Score
Percentile by Number Answered
Your Score History
You have not taken this quiz